| 000 | 00465nam a2200157 i 4500 | ||
|---|---|---|---|
| 001 | 63166 | ||
| 003 | ES-MaACL | ||
| 005 | 20230906164810.0 | ||
| 007 | t| | ||
| 008 | 031201s1970 sp ||||1| spa d | ||
| 100 | 1 |
_aFerrández Bau, Carlos. _950262 |
|
| 245 | 1 | 3 |
_aLa descapitalización de las empresas / _cpor Carlos Ferrández Bau. |
| 260 |
_aBarcelona : _bHispano Europea, _c[1970] |
||
| 300 |
_a236 p. : _bil. ; _c21 cm. |
||
| 852 |
_aES-MaACL _jC-47347 _bR.75409 |
||
| 999 |
_c63166 _d63166 |
||